La política clerical y la democracia / (Record no. 112895)

MARC details
000 -LEADER
campo de control de longitud fija 00564nam a2200181 4500
001 - NÚMERO DE CONTROL
campo de control 112895
003 - IDENTIFICADOR DE NÚMERO DE CONTROL
campo de control ES-MaACL
005 - FECHA Y HORA DE LA ÚLTIMA TRANSACCIÓN
campo de control 20230906185706.0
007 - CAMPO FIJO DE DESCRIPCIÓN FÍSICA--INFORMACIÓN GENERAL
campo de control de longitud fija t|
008 - DATOS DE LONGITUD FIJA--INFORMACIÓN GENERAL
campo de control de longitud fija 061121s1911 sp r ||||1| spa d
100 1# - ENTRADA PRINCIPAL--NOMBRE DE PERSONA
Nombre de persona Murri, Rómulo.
9 (RLIN) 84652
245 13 - MENCIÓN DEL TÍTULO
Título La política clerical y la democracia /
Mención de responsabilidad, etc. R. Murri ; traducción del italiano por José Sánchez- Rojas.
260 ## - PUBLICACIÓN, DISTRIBUCIÓN, ETC.
Lugar de publicación, distribución, etc. Madrid :
Nombre del editor, distribuidor, etc. Librería Francisco Beltrán,
Fecha de publicación, distribución, etc. 1911.
300 ## - DESCRIPCIÓN FÍSICA
Extensión 348 p. ;
Dimensiones 19 cm.
700 1# - ENTRADA AGREGADA--NOMBRE PERSONAL
Nombre de persona Sánchez Rojas, José.
9 (RLIN) 102895
852 ## - LOCALIZACIÓN
Ubicación ES-MaACL
Número de control de estantería G-598
852 ## - LOCALIZACIÓN
Ubicación ES-MaACL
Número de control de estantería D-873
Holdings
Estatus retirado Estado de pérdida Estado de daño No para préstamo Biblioteca de origen Biblioteca actual Ubicación en estantería Fecha de adquisición Fuente de adquisición Total de préstamos Signatura topográfica completa Código de barras Visto por última vez Precio de reemplazo Tipo de ítem Koha
        Biblioteca del Ateneo de Madrid Biblioteca del Ateneo de Madrid Sala Valle Inclán 17/01/2008     D-873 901117762 23/02/2023 23/02/2023 Libro impreso
        Biblioteca del Ateneo de Madrid Biblioteca del Ateneo de Madrid Depósito 2 17/01/2008     G-598 1117761 23/02/2023 23/02/2023 Libro impreso